000 00289nam a22001217a 4500
020 _a0-8273-1014-5
082 _a621.56 MAR'P
100 _aOLIVE, C. T , MARCH, C. T
_962289
245 _aPRINCIPLES OF REFERIGERATION
260 _aNEWYORK
_bDELMAR
_c1979
300 _a453P
942 _cBK
999 _c571441
_d571441